000 00531nam a2200181Ia 4500
003 IN-BaIIA
008 211028s9999 xx 000 0 eng d
040 _cIIA Library
080 _a53.082.16
_bDEI
100 _aDeimel, Richard F
_97938
245 0 _aMechanics of the gyroscope
_bthe dynamics of ratation
_cRichard F. Deimel
260 _aNew York
_bDover Publications
_c1950
300 _aix, 192p.
650 _a Gyroscopes 
_97939
650 _a Mathematical physics
_97940
650 _aNASA thesaurus 
_97941
942 _cBK
999 _c4520
_d4520